Les 20 départements français les plus peuplés - Statistiques

Statistiques générales
  • Ce quiz a été pris 190 fois
  • Le résultat moyen est 15 sur 20
Statistiques - réponses
Nombre d'habitants Département % Correct
2 145 906 Paris
95%
2 607 746 Nord
90%
2 048 070 Bouches-du-Rhône
89%
1 655 422 Seine-Saint-Denis
88%
1 636 391 Gironde
82%
1 449 723 Yvelines
79%
1 428 636 Seine-et-Marne
78%
1 148 073 Bas-Rhin
77%
1 462 167 Pas-de-Calais
76%
1 407 972 Val-de-Marne
76%
1 306 118 Essonne
75%
1 251 804 Val-d'Oise
75%
1 097 410 Alpes-Maritimes
74%
1 626 213 Hauts-de-Seine
72%
1 445 171 Loire-Atlantique
72%
1 188 973 Hérault
67%
1 415 757 Haute-Garonne
63%
1 088 855 Ille-et-Vilaine
62%
1 254 739 Seine-Maritime
60%
1 277 513 Isère
55%
Aucun quiz correspondant
Distribution des résultats
% des personnes avec chaque résultat
Percentile par nombre de réponses
Votre historique - résultats
Vous n’avez pas pris ce quiz